Lengua 7 /

Guardado en:
Autor Principal: Marín, Marta
Otros Autores: Pasut, Marta, Del Buono, Norma, Forero, María Teresa
Formato: Libro
Publicado: Buenos Aires : Aique, 1996
Edición:2a. ed.
Materias:
Etiquetas: Agregar Etiqueta
Sin Etiquetas, Sea el primero en etiquetar este registro!
LEADER 01409nam a22003255a 4500
001 CEM.cems009409
005 20080229081124.0
008 130507s1996##################000#0#####d
003 CEMS
020 |a 9507013237 
082 0 4 |a Z468 
100 1 |a Marín, Marta 
245 1 0 |a Lengua 7 /  |c  Marta Marín... [ Et Al.] 
250 |a 2a. ed. 
260 |a Buenos Aires :  |b Aique,  |c 1996 
300 |a 239 p. 
500 |a Para 7ºaño Egb 
505 0 |a La comunicación -- La comprensión lectora -- La narración -- Relatos literarios de ciencia ficción -- Más que palabras -- Para entenderte mejor -- Contáme, contáme -- Cuentos de este y otros mundos -- Relatos literarios de terror -- El texto expositivo -- El texto apelativo -- Para leer con la piel de gallina -- ¿Cómo te enteraste? ¿ Dónde lo leiste? -- Drama -- Textos expresivos -- Glosario 
653 |a Lengua 
653 |a Lengua y literatura 
653 |a Lengua-7ºegb 
653 |a Textos 
653 |a Gramática 
700 1 |a Pasut, Marta 
700 1 |a Del Buono, Norma 
700 1 |a Forero, María Teresa 
859 |a CEMS  |b BIB. CEMS - 11 de abril  |h Z468  |i M388  |p 19075.97  |t Ej.3  |v 7º  |3 7º 
859 |a CEMS  |b BIB. CEMS - 11 de abril  |h Z468  |i M388  |p 19076.97  |t Ej.2  |v 7º  |3 7º 
859 |a CEMS  |b BIB. CEMS - 11 de abril  |h Z468  |i M388  |p 19077.97  |t Ej.1  |v 7º  |3 7º 
859 |a CEMS  |b BIB. CEMS - 11 de abril  |h Z468  |i M388  |p 22155.03  |t Ej.4  |v 7º  |3 7º